01020 2200349 4500001002100000005001500021035002000036007000300056040001700059100002800076245010200104250001100206300004000217504002400257020001800281041000800299082001000307084001600317090002000333264004100353336002100394337003000415338002300445500002800468650001000496700004100506850001000547008004100557990002400598990002400622990002400646INLIS00000000000478620260522022434 a0010-0122000418ta aSBPUPADbind0 aMuchtar AdamePengarang1 aTafsir Ayat Ayat Qunut :bMenggapai Hakikat Penghambaan /cMuchtar Adam ; Editor, Irwan Kurniawan aCet. 2 axii, 88 hal :billus. ;c15 x 21 cm abibliografi, hlm 83 a979-25-9760-30 aind a2X1.1 a2X1.1 ADA t a657 LUK p L22-2 aBandung :bMakrifat Publisher,c2008 2rdacontentateks 2rdamediaatanpa perantara 2rdacarrieravolume aProfile Penulis, hlm 85 4aAgama aEditor, Irwan Kurniawan .ePengarang aPUPAD260522 0  a629/S/KAPD/PDG/2012 a628/S/KAPD/PDG/2012 a630/S/KAPD/PDG/2012